00809cam a2200217 a 450000100100000000500170001000800410002702000150006804000180008308200190010110000450012024500610016526000750022630000210030150400330032265000320035565000330038791000340042095201220045499900150057600000958520200929161631.0010504s2000 ec 000 e spa  a9978621768 aDO-SdBNPcDLC aE863.44bP452h1 aPernett Yépez, Hernán,d1949-92442413aLa huella de los sátrapas /cHernán Pernett Yépez. aQuito :bCasa de la Cultura Ecuatoriana "Benjamín Carrión",c2000. a167 p. ;c21 cm. aIncluye índice p.(166-167) 4aCuentos ecuatorianos917829 4aLiteratura ecuatoriana93938 aCatalogación por copia / LC 001052708MOaGRbGRcCTd2009-09-30iLF1l0oE863.44 P452hp9585-10r2020-06-25w2020-06-25y2ZPréstamo interno c9345d9345